[Event "Open A"]
[Site "Hamburg GER"]
[Date "2005.10.06"]
[Round "6"]
[White "Milanovic,Da"]
[Black "Miroshnichenko,E"]
[Result "1-0"]
[WhiteElo "2464"]
[BlackElo "2634"]

1.d4 Nf6 2.c4 g6 3.Nc3 Bg7 4.e4 O-O 5.Be2 d6 6.Nf3 e5 7.Be3 Na6 8.O-O Ng4
9.Bg5 Qe8 10.dxe5 dxe5 11.h3 h6 12.Bd2 Nf6 13.Be3 b6 14.Qc2 Bb7 15.Rfd1 Kh7
16.a3 c6 17.b4 Qe7 18.c5 b5 19.Nb1 Nc7 20.Nbd2 Nfe8 21.Nb3 Ne6 22.Na5 Qc7
23.Rd2 Rd8 24.Rad1 Bc8 25.Rxd8 Nxd8 26.Rxd8 Qxd8 27.Nxc6 Qc7 28.Bxb5 a6 29.Ba4 Bd7
30.Na5 Bxa4 31.Qxa4 f5 32.Qc6 Qxc6 33.Nxc6 fxe4 34.Nd2 Kg8 35.a4 Nc7 36.Nxe4 Kf7
37.Nd6+ Ke6 38.b5 axb5 39.axb5 Ra8 40.b6 Ra1+ 41.Kh2 Na6 42.Nb5 Kd7 43.Nca7 Nb8
44.Kg3 Ra4 45.Kf3 Bf8 46.b7 Rc4 47.c6+ Rxc6 48.Nxc6 Kxc6 49.Na7+ Kxb7 50.Ke4 Nd7
51.Kd5 Kc7 52.Nb5+ Kd8 53.Ke6 Bc5 54.Bxc5 Nxc5+ 55.Kf6 g5 56.Nc3 Nd3 57.Nd1 e4
58.g3 Kd7 59.Kf5 Ke7 60.Kxe4 Nc5+ 61.Kf5 Kf7 62.Ne3 Ne6  1-0

[Event "5th ch-Asian"]
[Site "Hyderabad IND"]
[Date "2005.10.06"]
[Round "1"]
[White "Ravi,L"]
[Black "Kazhgaleyev,M"]
[Result "1-0"]
[WhiteElo "2419"]
[BlackElo "2602"]

1.d4 Nf6 2.Nf3 g6 3.c4 Bg7 4.Nc3 O-O 5.e4 d6 6.Be2 e5 7.d5 Na6 8.Nd2 Ne8
9.Rb1 c5 10.dxc6 bxc6 11.b4 c5 12.a3 Nf6 13.O-O Nc7 14.Nb3 Ne6 15.Be3 Bb7
16.Bd3 Qe7 17.Na5 Rab8 18.Nd5 Nxd5 19.cxd5 Nd4 20.bxc5 dxc5 21.f4 Ba8 22.fxe5 Rxb1
23.Qxb1 Bxe5 24.Nc4 Bg7 25.Bf4 Rd8 26.Kh1 Qd7 27.Ne3 Bb7 28.Bc4 Re8 29.h3 h5
30.Bd3 Bc8 31.Qc1 Bf8 32.d6 Bb7 33.Qb1 Bc6 34.Nc4 Qe6 35.Ne5 Qxd6 36.Nxf7 Qe7
37.Bc4 Bxe4 38.Ne5+ Kh7 39.Qxe4 Nf5 40.Bf7  1-0

[Event "Open A"]
[Site "Hamburg GER"]
[Date "2005.10.07"]
[Round "7"]
[White "Halkias,S"]
[Black "Souleidis,G"]
[Result "1-0"]
[WhiteElo "2540"]
[BlackElo "2421"]

1.d4 Nf6 2.c4 g6 3.Nc3 Bg7 4.e4 d6 5.Nf3 O-O 6.Be2 e5 7.Be3 Na6 8.O-O Ng4
9.Bg5 Qe8 10.dxe5 dxe5 11.h3 f6 12.Bd2 Nh6 13.c5 Nxc5 14.Qc1 Nf7 15.Nd5 Ne6
16.Nxc7 Nxc7 17.Qxc7 Nd8 18.Rfc1 Be6 19.b4 Rf7 20.Qc3 Bf8 21.Qb2 Bd6 22.Be3 Qf8
23.a3 Rc7 24.Rxc7 Bxc7 25.Nd2 Qf7 26.Rc1 a6 27.Nc4 Nc6 28.Nb6 Rd8 29.Nd5 Bd6
30.Bb6 Rc8 31.Rd1 Bf8 32.h4 Bg7 33.Bc5 Bf8 34.Be3 f5 35.Nb6 f4 36.Bc5 Bxc5
37.bxc5 Rc7 38.Nd5 Rd7 39.Bc4 Kg7 40.Bb3 Qf8 41.Ba4 Kf7 42.Bxc6 bxc6 43.Qxe5 cxd5
44.exd5 Bf5 45.d6 Qa8 46.Qxf4 Qe4 47.Qd2 Rb7 48.Qh6 Ke6 49.Qf8 Kd7 50.Rc1 Kc6
51.Qa8 Qd3 52.a4 h5 53.Re1 Bd7 54.Kh1 Qb3  1-0

[Event "Open A"]
[Site "Hamburg GER"]
[Date "2005.10.07"]
[Round "7"]
[White "Dalakian,H"]
[Black "Schirmer,W"]
[Result "0-1"]
[WhiteElo "1865"]
[BlackElo "2061"]

1.d4 Nf6 2.c4 g6 3.Nc3 Bg7 4.e4 d6 5.Nf3 O-O 6.Be2 e5 7.Be3 Nbd7 8.d5 a5
9.Nd2 Nc5 10.a3 Bd7 11.Rb1 a4 12.Qc2 Ne8 13.f3 f5 14.Na2 Bh6 15.Bxh6 Qh4+
16.g3 Qxh6 17.O-O Nf6 18.Nc3 fxe4 19.Ndxe4 Ncxe4 20.fxe4 Ng4 21.Bxg4 Qe3+
22.Rf2 Bxg4 23.Rf1 Bh3 24.Nd1 Qd4 25.Re1 Rf3 26.Qd2 Rd3 27.Qe2 Rf8 28.Nc3 Rdf3
29.Nd1 Bg4 30.Qc2 R3f7 31.Qc3 Qc5  0-1

[Event "Open A"]
[Site "Hamburg GER"]
[Date "2005.10.07"]
[Round "7"]
[White "Wemmers,X"]
[Black "Fruebing,S"]
[Result "1-0"]
[WhiteElo "2414"]
[BlackElo "2233"]

1.d4 Nf6 2.c4 g6 3.Nc3 Bg7 4.e4 d6 5.Nf3 O-O 6.Be2 e5 7.Be3 exd4 8.Nxd4 Re8
9.f3 Nc6 10.O-O Nh5 11.Qd2 Nf4 12.Bxf4 Nxd4 13.Bd3 Be6 14.Rae1 Qd7 15.Bh6 f5
16.Bxg7 Qxg7 17.Rd1 Rf8 18.exf5 Nxf5 19.Rfe1 Qd4+ 20.Kh1 Bxc4 21.Re4 Qxd3
22.Qf2 Qxd1+ 23.Nxd1 Bxa2 24.Nc3 Bf7 25.g4 d5 26.Re5 d4 27.Ne4 Ne3 28.Qh4 Bd5
29.Re7 Rf7 30.Nf6+ Kg7 31.Rxf7+ Kxf7 32.g5 Rd8 33.Qxh7+ Ke6 34.Nxd5 Rxd5
35.Qxg6+ Kd7 36.Qd3 c5 37.g6 c4 38.Qe4 d3 39.Qxe3 d2 40.Qxd2 Rxd2 41.g7  1-0

[Event "FSGM October"]
[Site "Budapest HUN"]
[Date "2005.10.08"]
[Round "8"]
[White "Paschall,W"]
[Black "Wittmann,W"]
[Result "1/2-1/2"]
[WhiteElo "2394"]
[BlackElo "2376"]

1.Nf3 Nf6 2.c4 g6 3.Nc3 Bg7 4.e4 d6 5.d4 O-O 6.Be2 e5 7.O-O Na6 8.Be3 Ng4
9.Bg5 Qe8 10.dxe5 dxe5 11.h3 h6 12.Bd2 Nf6 13.Be3 Qe7 14.a3 c6 15.b4 Nh5
16.c5 Rd8 17.Qc1 Kh7 18.Bxa6 bxa6 19.Re1  1/2-1/2

[Event "Cupa ULIM"]
[Site "Kishinev MDA"]
[Date "2005.10.08"]
[Round "1"]
[White "Mutu,V"]
[Black "Chirpii,V"]
[Result "1-0"]
[WhiteElo "2160"]
[BlackElo "1886"]

1.d4 Nf6 2.c4 d6 3.Nf3 Nbd7 4.Nc3 g6 5.e4 e5 6.Be2 Bg7 7.O-O O-O 8.Re1 Re8
9.Bf1 c6 10.Rb1 a5 11.b3 Qb6 12.dxe5 dxe5 13.Be3 Qc7 14.Nd2 Nf8 15.f3 Ne6
16.c5 Nd4 17.Nc4 Nd7 18.Na4 Rd8 19.Qc1 Bf8 20.Ncb6 Rb8 21.Nxd7 Bxd7 22.Qc3 Be6
23.Red1 Bg7 24.Nb6 f5 25.Rd2 f4 26.Bf2 Nb5 27.Bxb5 cxb5 28.Qxa5 Rxd2 29.Qxd2 Rd8
30.Nd5 Qf7 31.Rd1 g5 32.Ne7+  1-0

[Event "2nd Bundesliga Ost 2005-6"]
[Site "Austria AUT"]
[Date "2005.10.09"]
[Round "2"]
[White "Niederwieser,P"]
[Black "Rogetzer,K"]
[Result "1-0"]
[WhiteElo "2172"]
[BlackElo "2141"]

1.d4 Nf6 2.c4 g6 3.Nc3 Bg7 4.e4 d6 5.Nf3 O-O 6.Be2 e5 7.O-O exd4 8.Nxd4 Re8
9.f3 Nc6 10.Be3 Nh5 11.Qd2 Nxd4 12.Bxd4 Nf4 13.Rfd1 Qg5 14.Bf1 Bxd4+ 15.Qxd4 Bd7
16.Nd5 Nxd5 17.cxd5 f5 18.exf5 Bxf5 19.Rac1 Re7 20.Rc3 Rae8 21.Rdc1 Rc8 22.Qxa7 Qd2
23.Qf2 Qxf2+ 24.Kxf2 Kg7  1-0

[Event "Veselin Boskovic Mem"]
[Site "Bijelo Polje SCG"]
[Date "2005.10.10"]
[Round "9"]
[White "Kosic,D"]
[Black "Rmus,A"]
[Result "1/2-1/2"]
[WhiteElo "2489"]
[BlackElo "2398"]

1.d4 Nf6 2.Nf3 g6 3.c4 Bg7 4.Nc3 d6 5.e4 O-O 6.Be2 e5 7.Be3 Nc6 8.d5 Ne7
9.Nd2 Nd7 10.b4 f5 11.f3 a5 12.a3  1/2-1/2

[Event "Autumn 5"]
[Site "Alushta UKR"]
[Date "2005.10.11"]
[Round "7"]
[White "Khurtsidze,N"]
[Black "Voicu,C"]
[Result "1-0"]
[WhiteElo "2434"]
[BlackElo "2261"]

1.d4 Nf6 2.c4 g6 3.Nc3 Bg7 4.Nf3 O-O 5.e4 d6 6.Be2 e5 7.d5 a5 8.h3 Na6 9.Bg5 Qe8
10.Nd2 Bd7 11.g4 Nc5 12.Be3 Kh8 13.g5 Ng8 14.h4 f6 15.Qc2 h5 16.gxh6 Bxh6
17.O-O-O Bxe3 18.fxe3 Nh6 19.Rdg1 Rg8 20.Nf1 Rg7 21.Ng3 Qe7 22.Bf1 c6 23.Bh3 Bxh3
24.Rxh3 a4 25.h5 g5 26.Rf1 Kh7 27.Rh2 Rf7 28.Rhf2 a3 29.b3 Na6 30.Kb1 Nb4
31.Qd2 Qd8 32.Na4 b5 33.Qxb4 bxa4 34.dxc6 axb3 35.axb3 Ng4 36.Re2 Rfa7 37.Ka2 Rb8
38.Qc3 Qb6 39.Qd3 Qxc6 40.Rd2 Qb6 41.Nf5 d5 42.exd5 e4 43.Qc3 Ne5 44.Ng3 Rab7
45.Nxe4 Qxb3+ 46.Qxb3 Rxb3 47.Rxf6 Nxc4 48.Nxg5+ Kg8 49.Rg6+ Kf8 50.Rf2+ Ke8
51.Rg8+ Ke7 52.Rxb8 Rxb8 53.e4 Rh8 54.Rh2 Kf6 55.Nf3 Kg7 56.Kb3 Nd6 57.e5 Rb8+
58.Ka2 Nb5 59.h6+ Kh8 60.d6 Ra8 61.Rc2 Kh7 62.d7 Rd8 63.e6 Nd6 64.Rc6 Nb5
65.Rc8  1-0

[Event "5th ch-Asian"]
[Site "Hyderabad IND"]
[Date "2005.10.12"]
[Round "6"]
[White "Sundararajan,K"]
[Black "Xu Jun"]
[Result "0-1"]
[WhiteElo "2497"]
[BlackElo "2582"]

1.d4 Nf6 2.c4 g6 3.Nc3 Bg7 4.e4 d6 5.Nf3 O-O 6.Be2 e5 7.Be3 Na6 8.O-O Ng4
9.Bg5 Qe8 10.dxe5 dxe5 11.h3 f6 12.Bd2 Nh6 13.Be3 c6 14.c5 Nf7 15.Re1 Qe7
16.Bxa6 bxa6 17.Qa4 Qb7 18.Rad1 Be6 19.Nd2 Rab8 20.b3 Rfc8 21.Nc4 Qb4 22.Qxb4 Rxb4
23.Nd6 Ra8 24.Re2 Bf8 25.Red2 Be7 26.Nd5 cxd5 27.exd5 Bd7 28.Nxf7 Kxf7 29.c6 Rd8
30.Bxa7 f5 31.d6 Bg5 32.cxd7 Bxd2 33.Rxd2 Rb7 34.Rc2 Rdxd7 35.Bc5 a5 36.Rc3 Ke6
37.a3 Rb8 38.b4 Rc8 39.Re3 axb4 40.axb4 Ra8 41.Re1 Ra2 42.Rb1 Rd8 43.Rd1 g5
44.f3 h5 45.Re1 Kd5 46.Rd1+ Kc6 47.Re1 Re8 48.Rd1 Kd7 49.Re1 e4 50.fxe4 Rxe4
51.Rxe4 fxe4 52.Kf1 g4 53.hxg4 hxg4 54.Kg1 g3 55.Kf1 Rd2 56.Be3 Rxd6 57.Ke2 Rd3
58.b5 Rb3 59.b6 Rb2+ 60.Kf1 Kc6 61.Bd4 Rd2 62.Be5 Rf2+ 63.Kg1 e3 64.Bxg3 Rf7
65.Be1 Kxb6 66.g4 Kc6 67.Kg2 Kd5 68.g5 Rf5 69.g6 Ke6 70.g7 Kf7 71.Bc3 e2  0-1

[Event "Goodbye Summer Open"]
[Site "Omis CRO"]
[Date "2005.10.13"]
[Round "5"]
[White "Jovanic,O"]
[Black "Saric,Iv"]
[Result "1/2-1/2"]
[WhiteElo "2469"]
[BlackElo "2339"]

1.d4 Nf6 2.c4 g6 3.Nc3 Bg7 4.e4 d6 5.Nf3 O-O 6.Be2 e5 7.Be3 exd4 8.Nxd4 Re8
9.f3 c6 10.Bf2 d5 11.exd5 cxd5 12.O-O Nc6 13.c5 Nh5 14.Qd2 Be5 15.g3 Bh3
16.Rfd1 Qd7 17.f4 Bxd4 18.Bxd4 Bg4 19.Re1 Bxe2 20.Rxe2 Rxe2 21.Nxe2 Re8 22.Bf2 Qg4
23.Re1 Nf6 24.Nd4 Rxe1+ 25.Qxe1 Ne4 26.Kg2 Nxf2 27.Qxf2 Nxd4  1/2-1/2

[Event "TCh-NED 2005-6"]
[Site "Netherlands NED"]
[Date "2005.10.15"]
[Round "2"]
[White "Bosboom Lanchava,T"]
[Black "Blees,A"]
[Result "1-0"]
[WhiteElo "2389"]
[BlackElo "2397"]

1.d4 Nf6 2.c4 g6 3.Nc3 Bg7 4.e4 d6 5.Nf3 O-O 6.Be2 e5 7.d5 a5 8.h4 Na6 9.Nd2 Ne8
10.h5 f5 11.hxg6 hxg6 12.Nf1 Nc5 13.exf5 gxf5 14.Ng3 Bd7 15.Be3 Qe7 16.Qd2 f4
17.Bxc5 fxg3 18.Be3 gxf2+ 19.Bxf2 e4 20.Bd4 Bxd4 21.Qxd4 Nf6 22.g4 Qg7 23.O-O-O Rae8
24.Kb1 b6 25.Rh4 Re5 26.Rdh1 Rf7 27.Qe3 Qg5 28.Rh8+ Kg7 29.Qh3 Rf8 30.Rh7+  1-0

[Event "TCh-NED 2005-6"]
[Site "Netherlands NED"]
[Date "2005.10.15"]
[Round "2"]
[White "Buhmann,R"]
[Black "Brandenburg,D"]
[Result "1-0"]
[WhiteElo "2546"]
[BlackElo "2395"]

1.Nf3 Nf6 2.c4 g6 3.Nc3 Bg7 4.e4 d6 5.d4 O-O 6.Be2 e5 7.O-O Na6 8.Re1 c6
9.Bf1 exd4 10.Nxd4 Ng4 11.h3 Qb6 12.hxg4 Qxd4 13.g5 Qe5 14.Qf3 Nc5 15.Bf4 Qe7
16.Rad1 Be5 17.Qg3 Bxf4 18.Qxf4 Qe5 19.Qd2 Ne6 20.Qxd6 Qxg5 21.Qd2 Qe5 22.Qe3 f5
23.exf5 Qxe3 24.Rxe3 gxf5 25.b4 Kf7 26.Rh3 Ng5 27.Rh4 Kg7 28.Ne2 a5 29.Rd3 Ne4
30.f3 Ng5 31.Ra3 Rd8 32.Rd4 Rxd4 33.Nxd4 Kf6 34.Nb3 Ne6 35.Rxa5 Rxa5 36.Nxa5 Nd4
37.c5 Nc2 38.b5 cxb5 39.Bxb5 Ke5 40.Ba4 Na3 41.Bb3 Kd4 42.c6 bxc6 43.Nxc6+ Kc5
44.Ne7 Bd7 45.Ng8 Be8 46.Kf2 Kd4 47.f4 Bh5 48.Be6 Nb5 49.Bxf5 Nc3 50.a3 Nd1+
51.Kg3  1-0

[Event "TCh-NED 2005-6"]
[Site "Netherlands NED"]
[Date "2005.10.15"]
[Round "2"]
[White "Douven,R"]
[Black "Buenermann,V"]
[Result "1/2-1/2"]
[WhiteElo "2406"]
[BlackElo "2323"]

1.d4 Nf6 2.c4 g6 3.Nc3 Bg7 4.e4 d6 5.Be2 O-O 6.Nf3 e5 7.Be3 Ng4 8.Bg5 f6
9.Bc1 Nc6 10.h3 exd4 11.Nxd4 Nxd4 12.Qxd4 Ne5 13.Qd5+ Kh8 14.Be3 f5 15.exf5 gxf5
16.Qd2 Be6 17.b3 f4 18.Bxf4 Nxc4 19.Bxc4 Bxc4 20.bxc4 Qf6 21.Be3 Qxc3 22.Rc1 Qxd2+
23.Kxd2 Rf5  1/2-1/2

[Event "Goodbye Summer Open"]
[Site "Omis CRO"]
[Date "2005.10.15"]
[Round "8"]
[White "Cvitan,O"]
[Black "Zufic,M"]
[Result "1-0"]
[WhiteElo "2527"]
[BlackElo "2391"]

1.Nf3 Nf6 2.c4 g6 3.d4 Bg7 4.Nc3 O-O 5.e4 d6 6.Be2 e5 7.Be3 Ng4 8.Bg5 f6
9.Bc1 exd4 10.Nxd4 f5 11.O-O Nc6 12.Nc2 Be6 13.exf5 gxf5 14.Nd5 Kh8 15.Nf4 Bf7
16.Rb1 Qh4 17.h3 Nge5 18.g3 Qd8 19.b3 Qd7 20.Bb2 Rae8 21.Ne3 Nd8 22.Qd2 Ne6
23.Nxe6 Bxe6 24.f4 Ng6 25.Bf3 b6 26.Rfe1 Rf7 27.Re2 Rg8 28.Kh2 Re8 29.Rbe1 Rfe7
30.b4 Bf7 31.b5 Rf8 32.Bc6 Qc8 33.Bxg7+ Kxg7 34.Nxf5+ Qxf5 35.Rxe7 Nxe7 36.Rxe7 Kg8
37.Bd5 Qf6 38.Rxc7  1-0

[Event "Chigorin Mem"]
[Site "St Petersburg RUS"]
[Date "2005.10.15"]
[Round "1"]
[White "Yevseev,D"]
[Black "Drugov,P"]
[Result "1-0"]
[WhiteElo "2554"]
[BlackElo "2277"]

1.d4 Nf6 2.c4 g6 3.Nc3 Bg7 4.e4 O-O 5.Be2 d6 6.Nf3 e5 7.Be3 Ng4 8.Bg5 f6
9.Bc1 Nc6 10.d5 Nd4 11.Nxd4 exd4 12.Nb5 f5 13.O-O Bd7 14.exf5 gxf5 15.Bf4 Be5
16.Qd2 Kh8 17.Nxd4 Rg8 18.Bxg4 Rxg4 19.Bxe5+ dxe5 20.Nf3 Qf6 21.Qc3 Re8 22.Rae1 Re4
23.Rxe4 fxe4 24.Nd2 Qf4 25.Qe3 Bf5 26.Re1 Rg8 27.Nxe4 Bg4 28.Qxf4 exf4 29.Nf6 Rg6
30.Re8+ Kg7 31.Nxg4 Rxg4 32.f3 Rg6 33.Re7+ Kf6 34.Rxc7 Ke5 35.Re7+ Kd4 36.Re4+ Kd3
37.Rxf4 Rb6 38.b3 Ra6 39.h4 Rxa2 40.d6 Kc3 41.Rf5  1-0

[Event "Chigorin Mem"]
[Site "St Petersburg RUS"]
[Date "2005.10.15"]
[Round "1"]
[White "Krivonosov,O"]
[Black "Giri,A"]
[Result "1-0"]
[WhiteElo "2413"]
[BlackElo "2122"]

1.Nf3 Nf6 2.c4 g6 3.Nc3 Bg7 4.e4 d6 5.d4 O-O 6.Be2 e5 7.dxe5 dxe5 8.Qxd8 Rxd8
9.Bg5 Re8 10.Nd5 Nxd5 11.cxd5 c6 12.Bc4 Bd7 13.Be3 cxd5 14.Bxd5 Nc6 15.Ng5 Nd8
16.O-O-O Bc6 17.Kb1 h6 18.Nf3 b6 19.Bxc6 Nxc6 20.Rd6 Re6 21.Rxe6 fxe6 22.Rd1 Rd8
23.Rxd8+ Nxd8 24.Kc2 Nc6 25.a4 Kf7 26.Kc3 g5 27.h3 Ke7 28.Kc4 Kd7 29.b4 Kc7
30.Bd2 Nb8 31.Bc3 Nd7 32.Ne1 Bf8 33.Nd3 Bd6 34.f3 h5 35.Bd2 Be7 36.Be3 Bf6
37.b5 Nb8 38.Bd2 Nd7 39.Bb4 Bd8 40.Kc3 g4 41.hxg4 hxg4 42.Nb2 gxf3 43.gxf3 Bh4
44.Nd3 Bg3 45.Kd2 Bh2 46.Be7 Bg1 47.Kc3 Be3 48.Kc4 Bd2 49.Ba3 Bg5 50.Bb2 Kd6
51.Bc3 Be3 52.Be1 Bg5 53.Bg3 Be3 54.Be1 Bg5 55.Bb4+ Kc7 56.Bc3 Kd6 57.Nb4 Nb8
58.Be1 Kc7 59.Bg3 Kd6 60.Bf2 Bd2 61.Nd3 Nd7 62.Bh4 Nb8 63.Bf2 Nd7 64.Kb3 Bg5
65.Kc3 Bd8 66.Be3 Bh4 67.Kc4 Kc7 68.Nb4 Nb8 69.Bd2 Be7 70.Nd3 Nd7 71.Be3 Bd6
72.Bg5 Nc5 73.Nb2 Kc8 74.Bd2 Kc7 75.a5 Bf8 76.a6 Bd6 77.Be3 Be7 78.Bf2 Bd6
79.Bg3 Kc8 80.Nd1 Nd7 81.Ne3 Bc7 82.Ng4 Kd8 83.Bh4+ Ke8 84.Nf2 Bd8 85.Bg3 Bc7
86.Nd3 Bd6 87.Bf2 Ke7 88.Bh4+ Ke8 89.Be1 Ke7 90.Bb4 Bxb4 91.Nxb4 Nb8 92.Nd3 Nd7
93.Nb4 Nb8 94.Nc2 Nd7 95.Kd3 Nb8 96.Kc4 Nd7 97.Ne1 Kd6 98.Ng2 Ke7 99.Ne3 Nb8
100.Kc3 Nd7 101.Nc4 Ke8 102.Kd2 Ke7 103.Ke3 Kd8 104.Kf2 Kc7 105.Kg3 Kd8 106.Kg4 Ke7
107.Kg5 Ke8 108.Kg6 Ke7 109.Kg7 Nf6 110.Nxe5 Ne8+ 111.Kg6 Nd6 112.Nc6+ Kd7
113.Nxa7 Kc7 114.Kf6 Kb8 115.Kxe6 Nc4 116.Nc6+ Ka8 117.Nd4  1-0

[Event "TCh-HUN 2005-6"]
[Site "Hungary HUN"]
[Date "2005.10.16"]
[Round "1"]
[White "Farago,I"]
[Black "Szuk,B"]
[Result "1-0"]
[WhiteElo "2512"]
[BlackElo "2392"]

1.d4 Nf6 2.c4 g6 3.Nc3 Bg7 4.e4 d6 5.Be2 O-O 6.Nf3 e5 7.O-O exd4 8.Nxd4 Re8
9.f3 Nh5 10.g4 Nf6 11.Be3 h5 12.g5 Nh7 13.Qd2 Nc6 14.Kh1 Nxd4 15.Bxd4 Qxg5
16.f4 Qh4 17.Bxg7 Kxg7 18.f5 Bd7 19.Rf4 Qd8 20.Rg1 g5 21.Bxh5 Re5 22.Rfg4 Bc6
23.Rxg5+ Nxg5 24.Rxg5+ Kf8 25.Qg2 Qf6 26.Rg8+ Ke7 27.Rxa8 Rxf5 28.Be2 Rf2
29.Qh3 Qg5 30.Qg4 Qe3 31.Qh4+ Ke6 32.Rg8 Rxe2 33.Qg4+ Kf6 34.Qxe2 Bxe4+ 35.Rg2  1-0

[Event "Femida"]
[Site "Kharkiv UKR"]
[Date "2005.10.16"]
[Round "1"]
[White "Zubarev,Al1"]
[Black "Sitnikov,A"]
[Result "1/2-1/2"]
[WhiteElo "2505"]
[BlackElo "2443"]

1.d4 Nf6 2.Nf3 g6 3.c4 Bg7 4.Nc3 O-O 5.e4 d6 6.Be2 c6 7.O-O e5 8.Bg5 h6 9.Be3 Nbd7
10.d5 cxd5 11.cxd5 Ng4 12.Bc1 f5 13.Nd2 Ngf6 14.a4 Nc5 15.exf5 Bxf5 16.Nc4 Nce4
17.Nb1 Rc8 18.Be3 Ng4 19.Bxg4 Rxc4 20.Be2 Rb4 21.b3 Qh4 22.Ra2 Nc5 23.g3 Qh3
24.Nd2 Rc8 25.Nc4 Ne4 26.Bd2 Nxd2 27.Qxd2 Rxb3 28.Nxd6 Rd8 29.Nxf5 Qxf5 30.Bc4 Rb1
31.Qe3 b6 32.Rxb1 Qxb1+ 33.Kg2 Rc8 34.Qe2 e4 35.Rc2 Kh7 36.Qxe4 Qb4 37.d6 Qxd6
38.Re2 Rc5 39.h4 h5 40.Kh2 Re5 41.Qf3 Qd4 42.Rxe5 Bxe5 43.Bd3 Qxh4+ 44.Kg2 Qg5
45.Qe4 Bg7 46.f4  1/2-1/2

[Event "SCG First League m"]
[Site "Vrnjacka Banja SCG"]
[Date "2005.10.17"]
[Round "1"]
[White "Arsovic,Z"]
[Black "Dujkovic,S"]
[Result "1/2-1/2"]
[WhiteElo "2419"]
[BlackElo "2365"]

1.Nf3 Nf6 2.c4 g6 3.Nc3 Bg7 4.e4 d6 5.d4 O-O 6.Be2 e5 7.Be3 h6 8.O-O Ng4
9.Bc1 Nc6 10.d5 Ne7 11.Ne1 f5 12.Bxg4 fxg4 13.Nc2 g5 14.f3 gxf3 15.Rxf3 Ng6
16.Rxf8+ Qxf8 17.g3 Qf7 18.Qe2 Bh3 19.Bd2 Rf8 20.Ne3 h5 21.Be1 a6 22.Rd1 Ne7
23.Rd2 g4 24.Qd3 Qg6 25.Rf2 Rxf2 26.Bxf2 Bh6  1/2-1/2

[Event "Chigorin Mem"]
[Site "St Petersburg RUS"]
[Date "2005.10.18"]
[Round "4"]
[White "Popov,Val"]
[Black "Tihonov,J"]
[Result "1-0"]
[WhiteElo "2588"]
[BlackElo "2474"]

1.d4 Nf6 2.c4 g6 3.Nc3 Bg7 4.e4 d6 5.Nf3 O-O 6.Be2 e5 7.O-O Na6 8.Re1 Qe8
9.Bf1 Bg4 10.d5 Nb4 11.Be2 a5 12.Be3 Na6 13.h3 Bxf3 14.Bxf3 Nd7 15.a3 f5
16.Rb1 f4 17.Bd2 h5 18.Nb5 Kh8 19.Bxa5 b6 20.Bd2 Nf6 21.b4 g5 22.g4 fxg3
23.fxg3 g4 24.hxg4 hxg4 25.Bxg4 Qg6 26.Bf5 Qxg3+ 27.Kh1 Qh4+ 28.Kg2 Nh5 29.Rh1 Qg3+
30.Kf1 Qd3+ 31.Kf2 Rxf5+ 32.exf5 Qg3+ 33.Ke2 e4 34.Rxh5+ Kg8 35.Bc3 Nxb4
36.Qg1 Qf3+ 37.Kd2 Qxh5 38.f6 Qf7 39.Qxg7+ Qxg7 40.fxg7 Nd3 41.Bd4  1-0

[Event "SCG First League m"]
[Site "Vrnjacka Banja SCG"]
[Date "2005.10.18"]
[Round "2"]
[White "Laketic,G"]
[Black "Fontaine,R"]
[Result "1/2-1/2"]
[WhiteElo "2479"]
[BlackElo "2507"]

1.d4 Nf6 2.c4 g6 3.Nc3 Bg7 4.e4 d6 5.Nf3 O-O 6.Be2 e5 7.d5 a5 8.Bg5 Na6 9.Nd2 Qe8
10.O-O Kh8 11.a3 Bd7 12.Rb1 a4 13.Nb5 c6 14.Nxd6 Qb8 15.dxc6 Bxc6 16.Bxf6 Bxf6
17.Nb5 Nc5 18.Nc3 Bg5 19.Nf3 Bh6 20.Qc2 f5 21.exf5 gxf5 22.Rbd1 e4 23.Nd4 Qe5
24.Rfe1 Rg8 25.Bf1 Rg6 26.Nd5 Rag8 27.g3 f4 28.Bg2 e3 29.Nf5 exf2+ 30.Kxf2 fxg3+
31.hxg3 Rxg3 32.Nxg3 Qxg3+ 33.Kg1 Bxd5 34.cxd5 Be3+ 35.Rxe3 Qxe3+ 36.Qf2 Qxf2+
37.Kxf2 Kg7 38.d6 Kf6 39.d7 Ke7 40.Bh3 Kd8 41.Rd5 b6 42.Kf3 Rg7 43.Rd6 Rg3+
44.Kxg3 Ne4+ 45.Kf4 Nxd6 46.Ke5 Nb7 47.Bf5 Nc5  1/2-1/2

[Event "Chigorin Mem"]
[Site "St Petersburg RUS"]
[Date "2005.10.20"]
[Round "6"]
[White "Ivanjuk,A"]
[Black "Achang,A"]
[Result "1/2-1/2"]
[WhiteElo "2127"]
[BlackElo "2238"]

1.d4 Nf6 2.c4 g6 3.Nc3 Bg7 4.e4 d6 5.Nf3 O-O 6.Be2 e5 7.O-O exd4 8.Nxd4 Re8
9.f3 c6 10.Nc2 Na6 11.Be3 Qe7 12.Qd2 Be6 13.Rad1 Red8 14.Bg5 Qf8 15.f4 Nc5
16.Bd3 h6 17.Bh4 a5 18.Kh1 Re8 19.Ne3 Ng4 20.Nxg4 Bxg4 21.Rde1 f5 22.exf5 Bxf5
23.Bxf5 Qxf5 24.Qxd6 g5 25.fxg5 Rxe1 26.Rxe1 hxg5 27.Bg3 Nd3 28.Qe6+ Qxe6
29.Rxe6 Rf8 30.h3 Rf1+ 31.Kh2 Nxb2 32.Ne4 Nxc4 33.Nxg5 a4 34.h4 Bd4 35.h5 Rf5
36.Rg6+ Kh8 37.Rh6+ Kg8 38.Rg6+ Kh8 39.Rh6+ Kg8 40.Rg6+ Kh8  1/2-1/2

[Event "Chigorin Mem"]
[Site "St Petersburg RUS"]
[Date "2005.10.20"]
[Round "6"]
[White "Kirusha,A"]
[Black "Shapovalenko,M"]
[Result "1-0"]
[WhiteElo "2393"]
[BlackElo "2227"]

1.d4 Nf6 2.c4 g6 3.Nc3 Bg7 4.e4 O-O 5.Nf3 d6 6.Be2 e5 7.O-O exd4 8.Nxd4 Re8
9.f3 c6 10.Kh1 Nbd7 11.Be3 d5 12.cxd5 cxd5 13.Ndb5 dxe4 14.Nd6 exf3 15.Nxe8 fxg2+
16.Kxg2 Qxe8 17.Bg5 Ne4 18.Nxe4 Qxe4+ 19.Bf3 Qe5 20.Qd2 Nf8 21.Rae1 Qf5 22.Re8 Qh3+
23.Kg1 Qxf1+ 24.Kxf1 Bh3+ 25.Bg2 Bxg2+ 26.Qxg2 Rxe8 27.Qxb7 Be5 28.Qxa7 Bxb2
29.Qb6 Be5 30.Qb5 Re6 31.a4 Bxh2 32.Bh6 Bc7 33.Qc5 Bd6 34.Qc8 Re5 35.Qd8 Bb4
36.Qd4  1-0

[Event "zt 3.3 w"]
[Site "Beijing CHN"]
[Date "2005.10.21"]
[Round "2"]
[White "Zhao Xue"]
[Black "Huang Qian"]
[Result "1-0"]
[WhiteElo "2478"]
[BlackElo "2398"]

1.d4 Nf6 2.c4 g6 3.Nc3 Bg7 4.e4 d6 5.Nf3 O-O 6.Be2 e5 7.Be3 Ng4 8.Bg5 f6
9.Bh4 Nc6 10.d5 Ne7 11.Nd2 Nh6 12.f3 c5 13.Rb1 Bd7 14.b4 b6 15.Qb3 Nf7 16.a4 f5
17.Kd1 Qe8 18.h3 Bh6 19.g4 fxg4 20.hxg4 Kg7 21.Nb5 Bxb5 22.cxb5 Bxd2 23.Kxd2 g5
24.Bg3 Ng6 25.a5 Qe7 26.Ra1 Rac8 27.Rhc1 Rc7 28.axb6 axb6 29.Ra6 Rb8 30.Rc4 Nf4
31.Bf1 Qf6 32.Kc2 Rbb7 33.Kb1 Qh6 34.Qc2 Qh1 35.Qd1 Qg1 36.Qe1 Ng2 37.Qf2 Qxf2
38.Bxf2 Nf4 39.Ka2 Kf8 40.Kb3 Ke7 41.Be3 Kd7 42.Rc2 Rc8 43.Rca2 Rg8 44.Rh2 Rg7
45.Bc4 Kc7 46.Ra8 Ng6 47.bxc5 dxc5 48.d6+ Nxd6 49.Bxg5 Rb8 50.Ra7+ Rb7 51.Raa2 Nxc4
52.Kxc4 Rd7 53.Rad2 Kc8 54.Rd5 Rxd5 55.Kxd5 Rc7 56.Be3 Kb7 57.Kc4 Rd7 58.Rh5 Kc8
59.Rf5 Kc7 60.Rf6 Kb7 61.Kc3 Kc7 62.Kc2 Kb7 63.Bd2 Kc7 64.Bc3 Re7 65.Kb3 Kb7
66.Kc4 Kc7 67.Rf5 Kd6 68.Bd2 Kc7 69.Rf6 Rd7 70.Bc3 Re7 71.Bb2 Kb7 72.Ba1 Kc7
73.Bc3 Kb7 74.Kd5 Kc7 75.Rc6+ Kb7 76.Rf6 Kc7 77.Rf5 Nf4+ 78.Kc4 Ng6 79.Rf6 Kb7
80.Kd3 Kc7 81.Ke3 Kb7 82.Kf2 Nf4 83.Rf5 Ng6 84.Kg3 Kc7 85.Rf6 Kb7 86.g5 c4
87.Rf5 Rc7 88.Kf2 Rc5 89.Rf7+ Rc7 90.Rf6 Rc5 91.Ke3 Rc7 92.Kd2 Rc8 93.Kc2 Rc5
94.Bb4 Rc7 95.Bd6 Rd7 96.Kc3 Nh4 97.Bxe5 Rd3+ 98.Kxc4 Rxf3 99.Rh6 Ng6 100.Rxh7+ Kc8
101.Bd4 Rg3 102.Bxb6 Rxg5 103.Bd4 Rg4 104.Rg7 Rg2 105.b6 Rc2+ 106.Bc3 Rg2
107.Kb5  1-0

[Event "II Open"]
[Site "Calvia ESP"]
[Date "2005.10.21"]
[Round "1"]
[White "Peralta,Fe"]
[Black "Frick,R"]
[Result "1-0"]
[WhiteElo "2538"]
[BlackElo "2159"]

1.Nf3 Nf6 2.c4 g6 3.Nc3 Bg7 4.e4 d6 5.d4 O-O 6.Be2 e5 7.Be3 Nc6 8.d5 Ne7
9.Nd2 Ne8 10.f3 f5 11.c5 Rf7 12.Nc4 Bf8 13.a4 f4 14.Bf2 g5 15.cxd6 cxd6 16.Nb5 a6
17.Nb6 Rb8 18.Na3 Ng6 19.Qb3 h5 20.h3 Nf6 21.O-O-O g4 22.hxg4 hxg4 23.Kb1 g3
24.Be1 Nd7 25.Nac4 Nc5 26.Qa3 Bd7 27.Bb4 Bxa4 28.Nxa4 Nxa4 29.Nxd6 Rd7 30.Nf5 b5
31.Bxf8 Qxf8 32.d6 Qf6 33.Rh6 Qg5 34.Rdh1 Rbb7 35.Qb3+  1-0

[Event "Chigorin Mem"]
[Site "St Petersburg RUS"]
[Date "2005.10.21"]
[Round "7"]
[White "Iskusnyh,S"]
[Black "Melnikova,Y"]
[Result "1-0"]
[WhiteElo "2473"]
[BlackElo "2302"]

1.d4 Nf6 2.c4 g6 3.Nc3 Bg7 4.e4 d6 5.Be2 O-O 6.Nf3 Na6 7.O-O e5 8.Be3 Ng4
9.Bg5 Qe8 10.dxe5 dxe5 11.h3 f6 12.Bd2 Nh6 13.c5 Nxc5 14.Qc1 Nf7 15.Nd5 Ne6
16.Nxc7 Nxc7 17.Qxc7 Nd8 18.b4 Rf7 19.Qc3 a6 20.a4 Bf8 21.Rfc1 Be6 22.b5 Rd7
23.Qa5 Nf7 24.bxa6 bxa6 25.Be3 Rd6 26.Nd2 Bh6 27.Bxh6 Nxh6 28.Nc4 Rd4 29.Nb6 Ra7
30.Nd5 Bxd5 31.exd5 Nf7 32.Rc6 Qd7 33.Rxf6 Rxd5 34.Qb6 Kg7 35.Bg4 Qe7 36.Rxf7+ Kxf7
37.Qb3 Qb7 38.Qa2 Kg7 39.Bf3 e4 40.Bxe4 Rd2 41.Qxd2 Qxe4 42.Qc3+ Kh6 43.Re1 Qf4
44.Qe3 Rf7 45.g3 Qxe3 46.Rxe3 Rf5 47.Kg2 Kg5 48.h4+ Kh5 49.Re7 g5 50.hxg5 Kxg5
51.Rxh7 Rc5 52.Rd7 Kf5 53.Rd4 Kg5 54.Kh3 Kf5 55.f3 Rc3 56.f4 Ra3 57.Kh4  1-0

[Event "SCG First League m"]
[Site "Vrnjacka Banja SCG"]
[Date "2005.10.21"]
[Round "5"]
[White "Markus,R"]
[Black "Djukic,Ni"]
[Result "1-0"]
[WhiteElo "2579"]
[BlackElo "2537"]

1.d4 Nf6 2.c4 g6 3.Nc3 Bg7 4.e4 d6 5.Nf3 O-O 6.Be2 e5 7.Be3 Ng4 8.Bg5 f6
9.Bh4 g5 10.Bg3 Nh6 11.d5 f5 12.h3 g4 13.hxg4 fxg4 14.Nd2 Qg5 15.Qc2 Nf7
16.O-O-O Na6 17.Rh4 Qg6 18.Rdh1 Bf6 19.Rxh7 Qxh7 20.Rxh7 Kxh7 21.Nf1 Bg5+
22.Kb1 Nh6 23.Ne3 Bxe3 24.fxe3 Bd7 25.Qd1 Rf7 26.a3 Raf8 27.b4 Nb8 28.c5 a6
29.Kb2 Kg6 30.a4 Bc8 31.b5 Nd7 32.cxd6 cxd6 33.Bxg4 Nxg4 34.Qxg4+ Kh7 35.Ka3 Nf6
36.Qe2 Bg4 37.Qd3 Ra8 38.bxa6 Rxa6 39.Qc4 Nd7 40.Qc7 Kg7 41.Qd8 Bh5 42.Kb4 Bg6
43.Bh4 Nf6 44.Bxf6+ Rxf6 45.g4 Rf8 46.Qg5 Kf7 47.Qh4 Rfa8 48.Kb3 Rb6+ 49.Nb5 Bxe4
50.g5 Bxd5+ 51.Kb4 Rc6 52.Qh7+ Kf8 53.Qh8+ Bg8 54.Qh6+ Ke8 55.Qg7 Rc4+ 56.Kb3 Rcxa4+
57.Qxg8+ Kd7 58.Qd5  1-0